| 000 | 02615nam a2200325 a 4500 | ||
|---|---|---|---|
| 003 | DO-SdBNP | ||
| 005 | 20240517083956.0 | ||
| 007 | ta | ||
| 008 | 221118e2012 dr ao||gr|||| 001 0dspa d | ||
| 020 | _a9789945882049 | ||
| 040 |
_aDO-SdBNP _bspa _cBNPHU |
||
| 082 | 4 |
_222 _bV427c |
|
| 111 |
_aConcurso de Arte Eduardo León Jiménez _n(XXIV: _d2012: _cSanitago de los Caballeros, República Dominicana.) _985493 |
||
| 245 | 0 | 0 |
_aVeinticuatro: _bconcurso de arte Eduardo León Jiménez. |
| 264 | 1 |
_aSanitago de los Caballeros, República Dominicana : _bCentro León, _c2012. |
|
| 300 |
_a135 páginas : _bilustraciones, fotografías ; _c30 cm. |
||
| 336 |
_2rdacontent _atexto _btxt |
||
| 337 |
_2rdamedia _asin mediación _bn |
||
| 338 |
_2rdacarrier _avolumen _bnc |
||
| 500 | _aIncluye Catálogo de Obras páginas 130 -133. | ||
| 500 | _aIncluye biografía del jurado páginas 36 -37. | ||
| 505 |
_tLa innovación como principio. / _rRafael Emilio Yunén, Director General Centro León.-- _tCuando la Constancia y el profesionalismo se dan las manos. / _rJosé M. Fernández Pequeño, Gerente de Programas Culturales Centro León.-- _tLas potencialidades del arte dominicano contemporáneo. / _rKarenia Guillarón, Coordinadora de Artes Visuales Centro León. Sara Hermann, Asesora de Artes Visuales Centro León.-- _t Opiniones sobre la exposición.-- _gJurados: _tXXIV Concurso de Arte Eduardo León Jiménez.-- _gLaudo de selección: _tXXIV Concurso de Arte Eduardo León Jiménez.-- _g Artistas seleccionados y Obras: _t Soraya Abu Naba´a,.-- _tYoel Bordas.-- _tCarlos de León.-- _tOPilibio Díaz.-- _tEvelyn Espaillat.-- _tMarie Jiménez.-- _tHulda Guzmán.-- _tSayuri Guzmán.-- _tCitally Miranda.-- _tJochi Muñoz.-- _tRaquel Paiewonsky.-- _tDavid Pérez, Karmadavis.-- _tJosé Pión.-- _tFrancisco (Pancho) Rodríguez.-- _tJuan Zapata.-- _gLaudo de Premiación: _tXXIV Concurso de Arte Eduardo León Jiménez.-- _tCatálogo de Obras. |
||
| 586 | _aPREMIO IGUALITARIO A: Hulda Guzmán (1984).-- Carlos de León, (1988).-- Raquel Paiewonski (1969).-- PREMIO COLECCIÓN PATRICIA PHELPS DE CISNEROS: Yoel Bardas, (1980).-- PREMIO FRANCÉS AL TALENTO JOVEN: Francisco (Pancho) Rodríguez, (1979).-- PREMIO CIUDAD DE CÁDIZ: Sayuri Guamán, (1976). | ||
| 590 | _aInventariado 2024 / MF | ||
| 650 | 4 |
_981690 _aArte _vConcursos _zRepública Dominicana |
|
| 650 | 4 |
_973687 _aPintura _xConcursos _zRepública Dominicana |
|
| 650 |
_976641 _aArtistas plásticos _zRepública Dominicana |
||
| 710 | 2 |
_aCervecería Nacional Dominicana. _982852 |
|
| 942 |
_2ddc _cLBS1 |
||
| 999 |
_c52971 _d52971 |
||